000 01567nam a2200325 i 4500
001 94934
003 ES-MaACL
005 20260209164751.0
007 t|
008 160202s1913 fr ||||1| fre d
245 0 2 _aL'Afrique du Nord :
_bconférences organisées par la Société des anciens élèves et élèves de l'École libre des sciences politiques /
_cAugustin Bernard ... [et al.].
260 _aParis :
_bFélix Alcan,
_c1913.
300 _a275 p., 2 mapas. ;
_c19 cm.
490 1 _aBibliothèque d'histoire contemporaine
504 _aBibliografía.
505 8 _aContiene: L'Algérie et la Tunisie / Augustin Bernard ; discours de Jonnart . Le Maroc / Ladreit de Lacharriére ; discours de C. général Lyautey . L' Afrique occidentale / Camille Guy ; discours de Roume . L'Egypte / Andre Tardien ; discours de J. Charles-Roux . La Tripolitaine / René Pinon ; discours de Stéphen Pichon
651 4 _aÁfrica septentrional-
_vDescripción
_97603
651 4 _aFrancia-
_xColonias-
_zÁfrica.
_98675
700 1 _aBernard, Augustin.
_928229
700 1 _aJonnart, Charles (
_d1857-1927)
_9172911
700 1 _aLadreit de Lacharrière, Jacques.
_9172926
700 1 _aLyautey, Hubert,
_d1854-1934
_9165230
700 1 _aGuy, Camille (
_d1860-1929)
_9172927
700 1 _aPinon, René.
_992189
700 1 _aPichon, Stéphen (
_d1857-1933)
_991838
710 2 _aÉcole libre des sciences politiques (Paris)
_93414
830 1 _aBibliothèque d'histoire contemporaine
_9180875
852 _aES-MaACL
_jG-7212
999 _c94934
_d94934